000 00831nac a22002657a 4500
001 BR6007503
003 BR-BrBNA
005 20240105113211.0
008 230509b bl.|||m| |||| 00| 0 por d
040 _aBR-BrBNA
_bpor
_cBiblioteca Nacional de Agricultura
072 _aL00
090 _a5214 BR6007503
100 1 _aCassal, J. da
110 1 _aInstituto Agronomico do Sul, Pelotas, RS (Brasil)
_95634
245 1 _aAspectos da producao leiteira no municipio de Pelotas [Rio Grande do Sul, Brasil]
260 3 _aPelotas, RS (Brasil):
_c1961.
300 _a17 p.
490 _aCircular - Instituto Agronomico do Sul (Brazil)
_vno. 13
_x
650 _aPRODUCAO LEITEIRA
650 _aLEITE
650 _aGADO LEITEIRO
650 _aPELOTAS
909 _a202312
_bLúcia Elande
_c55
_dLúcia Elande
942 _2AGRIS
_n0
_cMS
999 _c262444
_d262444